| 000 | 00474nam a2200229Ia 4500 | ||
|---|---|---|---|
| 003 | IT-RoPAU | ||
| 008 | 120407s9999 xx 000 0 und d | ||
| 040 | _aIT-RoPAU | ||
| 040 | _cIT-RoPAU | ||
| 041 | _aita | ||
| 100 | _aHenry Louis Mencken | ||
| 245 | _aTrattato sugli Dei. | ||
| 250 | _aMilano | ||
| 260 | _aIl Saggiatore | ||
| 260 | _c1967 | ||
| 300 | _a310 p. | ||
| 300 | _c18 cm | ||
| 490 | _v1 | ||
| 600 | _a1. Religione | ||
| 942 | _cBK | ||
| 999 |
_c32203 _d32203 |
||